| 000 | 00849 a2200193 4500 | ||
|---|---|---|---|
| 003 | Nust | ||
| 005 | 20221228120129.0 | ||
| 010 | _a67098053 | ||
| 040 | _cNust | ||
| 082 | _a355.02,JAC | ||
| 100 |
_aJackson, William Godfrey Fothergill, Sir _9106186 |
||
| 245 |
_aThe battle for Italy / _cW. G. F. Jackson |
||
| 260 |
_aBatsford, _bLondon _c1967 |
||
| 300 |
_a372 p _b16 plates (incl. ports.), _c60 maps _etables _f25 cm |
||
| 505 | _aThe Approach to the Soft under Belly of the Axis (Page-19), The First Branch In Fortress Europe (Page-81), The Winter of Disillusion (Page-161), The Summer of Triumph and Frustration (Page-219), The Second Winter of Disappointment and the spring of Final Victory (Page-263). | ||
| 600 |
_aJackson, William Godfrey Fothergill, Sir _9106186 |
||
| 650 |
_aThe battle for Italy _9106188 |
||
| 942 |
_2ddc _cBK _k355.02,JAC |
||
| 999 |
_c185438 _d185438 |
||